000 00956nam a2200277Ia 4500
005 20220317001213.0
008 160825s2008 mx a g 000 0 spa
020 _a97896816694012
082 0 4 _a001.4209
_bP27e
100 1 _aPérez Tamayo, Ruy
245 1 0 _aExiste el método científico?
_bhistoria y realidad
_cRuy Pérez Tamayo
250 _a3a. edición
_b4a. reimpresión
300 _a301 páginas
_bilustraciones
_c21 cm
490 _aLa ciencia para todos
504 _aIncluye bibliografía
650 1 4 _2LEMB
_aMetodología científica
_xHistoria
650 1 4 _2LEMB
_aInvestigación científica
650 1 4 _2LEMB
_aFilosofía de la ciencia
650 1 4 _2LEMB
_aTeoría del conocimiento
942 _2ddc
_cBK
264 _aMéxico
_bFondo de Cultura Económica
_c2008
336 _atexto
_btxt
_2rdacontent
337 _asin mediación
_bn
_2rdamedia
338 _avolumen
_bnc
_2rdacarrier
040 _aCO-BoRNBP
_bspa
_erda
_cCO-BoRNBP
999 _c6233
_d6233